00327nam a2200109Ia 4500008004100000082000800041100001200049245003800061942000600099952009700105999001500202240331s9999 xx 000 0 und d bLIV aILO. ed 0aLivlihood and employment creation cL 001040708LaWERCLbWERCLcSSCd2024-03-31l0o 338.9 LIVp5492r2024-03-31w2024-03-31yL c2793d2793